| 000 | 00512nam a2200193Ia 4500 | ||
|---|---|---|---|
| 003 | LDD | ||
| 008 | 181029s9999 xx 000 0 und d | ||
| 020 |
_a3540296400 _cE49.95 |
||
| 040 | _cLDD | ||
| 100 | _aWoo, Jaejoon | ||
| 245 | 4 |
_aThe political economy of fiscal policy _cJaejoon Woo |
|
| 260 |
_aGermany _bSpringer _c2006 |
||
| 300 | _ax, 169p. | ||
| 365 | _bE 49.95 | ||
| 901 |
_a3571 _b29-11-2006 |
||
| 902 |
_a8418 _b27-12-2006 _cF _dOP _e33 |
||
| 903 |
_aDiscount-10 _bReqst by : S.Sen |
||
| 942 |
_2ddc _cBK |
||
| 999 |
_c77030 _d77030 |
||